| 000 | 00349nam a22001217a 4500 | ||
|---|---|---|---|
| 082 |
_a297.72 _bJIH |
||
| 110 |
_aArmy Education press, _946516 |
||
| 245 | _aنشان منزل جہاد فی سبیل اللہ | ||
| 260 |
_aRawalpindi, _bArmy education press, _c2000. |
||
| 300 | _a287p. | ||
| 526 |
_a0 _b0 _c0 _d297_720000000000000_JIH |
||
| 942 |
_2ddc _cBK |
||
| 999 |
_c553891 _d553891 |
||